Largest Elevation Span Quiz Stats

 Plays Quiz not verified by Sporcle

Also try: States by Capital
Challenge
Share
Tweet
Embed
Score 0/20 Timer 05:00
0 Plays Today
Elevation Span (ft.) Country % Correct
29,534China
100%
28,799Nepal
98.8%
28,251Pakistan
98.8%
28,177India
98.8%
20,600United States
98.8%
19,551Canada
97.6%
23,179Argentina
96.4%
22,615Chile
96.4%
22,205Peru
94%
18,602Russia
94%
Elevation Span (ft.) Country % Correct
23,734Afghanistan
91.7%
18,701Colombia
90.5%
24,418Bhutan
89.3%
20,561Ecuador
86.9%
21,168Bolivia
85.7%
23,432Kazakhstan
84.5%
22,979Kyrgyzstan
79.8%
23,606Tajikistan
78.6%
19,331Tanzania
72.6%
19,295Myanmar
60.7%

You're not logged in!

Compare scores with friends on all Sporcle quizzes.
OR
Log In

You Might Also Like...

Show Comments

Extras

Top Quizzes Today


Score Distribution

Your Account Isn't Verified!

In order to create a playlist on Sporcle, you need to verify the email address you used during registration. Go to your Sporcle Settings to finish the process.

Report this User

Report this user for behavior that violates our Community Guidelines.

Details: